تحميل...

Malayalavyakanam chila veenduvicharangal

التفاصيل البيبلوغرافية
المؤلف الرئيسي: Abraham P T
التنسيق: Printed Book
منشور في: Changanachery Association for Comparative Studies 2012
الموضوعات:
LEADER 01186nam a22002651a 4500
020 |a 9788187378082  |c 0.00 
040 |a SSUS - Library - Kalady 
082 |a M 494.812 5  |b ABR/M 
100 |a Abraham P T 
245 |a Malayalavyakanam chila veenduvicharangal  |h [Text] 
260 |a Changanachery  |b Association for Comparative Studies  |c 2012 
300 |a 156p. 
600 |a Grammar Malayalam 
600 |a Language Malayalam 
600 |a Language 
852 |h M 494.812 5  |i ABR/M  |p 068788  |9 110.00  |t 0 
852 |h M 494.812 5  |i ABR/M  |p 070544  |9 110.00  |t 0 
852 |h M 494.812 5  |i ABR/M  |p 070545  |9 110.00  |t 0 
942 |c BK 
942 |c BK 
942 |c BK 
999 |c 27244  |d 27244 
952 |0 0  |1 0  |4 0  |6 M_494_812000000000000_5_ABR_M  |7 0  |9 39260  |a SSUS  |b SSUS  |d 2015-01-08  |g 110.00  |l 1  |o M 494.812 5 ABR/M  |p 068788  |r 2016-02-26  |s 2016-02-18  |v 0.00  |w 2015-01-08  |y BK 
952 |0 0  |1 0  |4 0  |6 M_494_812000000000000_5_ABR_M  |7 0  |9 39261  |a SSUS  |b SSUS  |d 2015-01-08  |g 110.00  |l 1  |o M 494.812 5 ABR/M  |p 070544  |r 2018-03-28  |s 2018-03-05  |v 0.00  |w 2015-01-08  |y BK 
952 |0 0  |1 0  |4 0  |6 M_494_812000000000000_5_ABR_M  |7 0  |9 39262  |a SSUS  |b SSUS  |d 2015-01-08  |g 110.00  |l 1  |o M 494.812 5 ABR/M  |p 070545  |r 2019-03-06  |s 2019-02-28  |v 0.00  |w 2015-01-08  |y BK